| 000 | 00697nam a2200181 a 4500 | ||
|---|---|---|---|
| 008 | 120210s2008 ||||||||||||||||| || u | ||
| 020 | _a9780750669856 | ||
| 050 | _aNA 1995 Fis | ||
| 100 | _aFisher, Thomas | ||
| 245 | 1 | 0 |
_aArchitectural design and ethics: tools for survival _cby Thomas Fisher |
| 260 |
_aOxford: _bArchitectural Press _c2008 |
||
| 300 | _axiii, 248p.: ill | ||
| 350 | _a0.00 | ||
| 500 | _aIncludes Bibliography | ||
| 650 | _aARCHITECTS--PROFESSIONAL ETHICS | ||
| 650 | _aARCHITECTURE--MORAL AND ETHICAL ASPECTS | ||
| 995 |
_FCBU-MAIN LIBRARY (Kitwe) _I0.00 _M1 _UAVAILABLE _WJun 22, 2012 _ZMain Library Open Access Collection |
||
| 999 |
_c34739 _d34739 |
||